01319nam a2200349 a 4500001001200000003000800012006001900020007001500039008004100054010001700095020002800112040002100140035002000161050002600181082001800207100002300225245009400248260004400342300001100386504006600397533015200463650002400615650002900639650003800668650001900706650003100725650002600756655002900782710001700811856012600828999001500954ebr10001973CaPaEBRm u cr cn|||||||||961125s1997 ctu sb 001 0 eng  z 96046716  z1567200710 (alk. paper) aCaPaEBRcCaPaEBR a(OCoLC)7074144214aHD9685.A2bH52 1997eb04a333.793/22211 aHines, Mary Alice.14aThe development and finance of global private powerh[electronic resource] /cM.A. Hines. aWestport, Conn. :bQuorum Books,c1997. a251 p. aIncludes bibliographical references (p. [217]-228) and index. aElectronic reproduction.bPalo Alto, Calif. :cebrary,d2013.nAvailable via World Wide Web.nAccess may be limited to ebrary affiliated libraries. 0aElectric utilities. 0aElectric powerxFinance. 0aElectric power systemsxPlanning. 0aPrivatization. 0aInfrastructure (Economics) 0aEconomic development. 7aElectronic books.2local2 aebrary, Inc.40uhttp://site.ebrary.com/lib/rucke/Doc?id=10001973zAn electronic book accessible through the World Wide Web; click to view c5278d5278